Neziskové organizácie - spôsoby financovania

Formy financovania organizácií neziskového sektora. Charakteristika neziskovej organizácie, charakteristické črty, členenie podľa viacerých kritérií. Silné a slabé stránky neziskových organizácií. Spôsob získavania finančných prostriedkov.

Salvato in:
Dettagli Bibliografici
Autore principale: Hrašková, Dagmar
Natura: Capitolo di libro
Lingua:slovacco
Soggetti:
Tags: Aggiungi Tag
Nessun Tag, puoi essere il primo ad aggiungerne!!

MARC

LEADER 00000naa a2200000 4500
001 0260569
005 20200102093150.1
041 0 |a slo 
044 |a SK 
245 1 0 |a Neziskové organizácie - spôsoby financovania  |c Dagmar Hrašková 
520 |a Formy financovania organizácií neziskového sektora. Charakteristika neziskovej organizácie, charakteristické črty, členenie podľa viacerých kritérií. Silné a slabé stránky neziskových organizácií. Spôsob získavania finančných prostriedkov. 
610 2 0 |a financovanie 
610 2 0 |a zdroje finančné 
610 2 0 |a organizácie neziskové 
610 2 0 |a služby verejnoprospešné 
610 2 0 |a fundraising 
100 1 |a Hrašková, Dagmar